20 Most Searched Female Athletes Online 2012 - Statistics

General Stats
  • This quiz has been taken 197 times
  • The average score is 5 of 20
Answer Stats
Rank Sport Answer % Correct
2. Tennis Serena Williams
93%
10. Tennis Venus Williams
89%
1. Tennis Maria Sharapova
74%
5. Soccer Hope Solo
37%
7. Gymnastics Gabrielle Douglas
33%
6. Beach Volleyball Misty May-Treanor
32%
9. Soccer Alex Morgan
28%
3. Track & Field Lolo Jones
23%
12. Soccer Abby Wambach
20%
16. Beach Volleyball Kerri Walsh-Jennings
20%
11. Swimming Missy Franklin
16%
20. Gymnastics Aly Raisman
15%
15. Basketball Candace Parker
14%
8. Tennis Caroline Wozniacki
14%
17. Track & Field Jessica Ennis
11%
4. Gymnastics McKayla Maroney
11%
14. Track & Field Allyson Felix
8%
13. Tennis Daniela Hantuchova
2%
18. Boxing Claressa Shields
1%
19. Judo Kayla Harrison
1%
No matching quizzes found
Score Distribution
Percent of People with Each Score
Percentile by Number Answered
Your Score History
You have not taken this quiz